000 00907nam a2200277Ia 4500
003 OSt
005 20220925193803.0
006 a|||||r|||| 00| 0
007 ta
008 220923b |||||||| |||| 00| 0 eng d
020 _a0 521 37538 X
037 _cGeneral Book
040 _aRTL
_cRTL
_beng
041 _2eng
_aeng
082 _aY:5:g.5.N8, M9
100 _aTeitelbaum Michael S
_9249355
245 0 _aPopulation and resource in Western intellectual traditions
260 _aCambridge
_bCambridge University Press
_c1989
300 _avii,310p
_ccm.
490 _aAmerican Association for the Advancement of Science
500 _aPopulation and Development Review, Supplement to Vol.14.1988
650 _aDemography
700 _a Winter Jay M Ed.
_9249356
942 _hY:5:g.5.N8, M9
_cGB
_2CC
999 _c527035
_d527035